Emission of diamonds, leucosapphire, and KU-1 quartz in the range of 200-800 nm excited by electron beams with a pulse duration of 0.5 and 12 ns; Journal of Applied Physics; Vol. 125, iss. 24

Detalhes bibliográficos
Parent link:Journal of Applied Physics
Vol. 125, iss. 24.— 2019.— [244501, 8 p.]
Corporate Authors: Национальный исследовательский Томский политехнический университет Инженерная школа неразрушающего контроля и безопасности Отделение электронной инженерии, Национальный исследовательский Томский политехнический университет Инженерная школа новых производственных технологий Отделение материаловедения
Outros Autores: Tarasenko V. F. Victor Fedotovich, Oleshko V. I. Vladimir Ivanovich, Erofeev M. V. Mikhail Vladimirovich, Lipatov E. I. Evgeny Igorevich, Beloplotov D. V. Dmitry Viktorovich, Lomaev M. I. Mikhail Ivanovich, Burachenko A. G. Aleksandr Gennadjevich, Baksht E. Kh. Evgeny Khaimovich
Resumo:Title screen
The paper presents the results of Cherenkov radiation (CR) studies in various crystals excited by nanosecond and subnanosecond electron beams with an electron energy of up to 400 and 200 keV, respectively. These studies are motivated by the need to develop and create calibrated sensors of runaway electrons for tokamak-type installations. The spectral and amplitude-time characteristics of the radiation of different specimens of diamonds, leucosapphire, and KU-1 quartz excited by the electron beams were obtained and compared. These crystals were chosen on the basis of their transparency in the ultraviolet region of the spectrum. CR was observed with a spectrometer. An increase in the radiation energy with decreasing wavelength was observed in synthetic diamonds of IIa type, leucosapphire, and KU-1 quartz. The amplitude-time characteristics of the radiation of crystals, including CR, were measured with a photodiode having a pulse response time of up to ≈80 ps. In chemical vapor deposited high purity diamonds excited by both nanosecond and subnanosecond beams, an exciton radiation with a maximum at 235 nm was observed. Results show that leucosapphire and quartz can be used to create detectors of electrons with energies above 200 keV.
Режим доступа: по договору с организацией-держателем ресурса
Idioma:inglês
Publicado em: 2019
Assuntos:
Acesso em linha:https://doi.org/10.1063/1.5094956
Formato: Recurso Electrónico Capítulo de Livro
KOHA link:https://koha.lib.tpu.ru/cgi-bin/koha/opac-detail.pl?biblionumber=660691

MARC

LEADER 00000naa0a2200000 4500
001 660691
005 20250404154802.0
035 |a (RuTPU)RU\TPU\network\30594 
090 |a 660691 
100 |a 20191002d2019 k||y0rusy50 ba 
101 0 |a eng 
102 |a US 
135 |a drcn ---uucaa 
181 0 |a i  
182 0 |a b 
200 1 |a Emission of diamonds, leucosapphire, and KU-1 quartz in the range of 200-800 nm excited by electron beams with a pulse duration of 0.5 and 12 ns  |f V. F. Tarasenko [et al.] 
203 |a Text  |c electronic 
300 |a Title screen 
320 |a [References: 33 tit.] 
330 |a The paper presents the results of Cherenkov radiation (CR) studies in various crystals excited by nanosecond and subnanosecond electron beams with an electron energy of up to 400 and 200 keV, respectively. These studies are motivated by the need to develop and create calibrated sensors of runaway electrons for tokamak-type installations. The spectral and amplitude-time characteristics of the radiation of different specimens of diamonds, leucosapphire, and KU-1 quartz excited by the electron beams were obtained and compared. These crystals were chosen on the basis of their transparency in the ultraviolet region of the spectrum. CR was observed with a spectrometer. An increase in the radiation energy with decreasing wavelength was observed in synthetic diamonds of IIa type, leucosapphire, and KU-1 quartz. The amplitude-time characteristics of the radiation of crystals, including CR, were measured with a photodiode having a pulse response time of up to ≈80 ps. In chemical vapor deposited high purity diamonds excited by both nanosecond and subnanosecond beams, an exciton radiation with a maximum at 235 nm was observed. Results show that leucosapphire and quartz can be used to create detectors of electrons with energies above 200 keV. 
333 |a Режим доступа: по договору с организацией-держателем ресурса 
461 |t Journal of Applied Physics 
463 |t Vol. 125, iss. 24  |v [244501, 8 p.]  |d 2019 
610 1 |a электронный ресурс 
610 1 |a труды учёных ТПУ 
610 1 |a черенковское излучение 
610 1 |a электронные пучки 
610 1 |a кристаллы 
701 1 |a Tarasenko  |b V. F.  |c physicist  |c Professor of Tomsk Polytechnic University, Doctor of physical and mathematical sciences  |f 1946-  |g Victor Fedotovich  |3 (RuTPU)RU\TPU\pers\32090 
701 1 |a Oleshko  |b V. I.  |c specialist in the field of lightning engineering  |c Professor of Tomsk Polytechnic University, Doctor of physical and mathematical sciences  |f 1948-  |g Vladimir Ivanovich  |3 (RuTPU)RU\TPU\pers\33783  |9 17381 
701 1 |a Erofeev  |b M. V.  |c specialist in the field of oil and gas business  |c Associate Professor of Tomsk Polytechnic University, Candidate of physical and mathematical sciences  |f 1975-  |g Mikhail Vladimirovich  |3 (RuTPU)RU\TPU\pers\34250  |9 17781 
701 1 |a Lipatov  |b E. I.  |g Evgeny Igorevich 
701 1 |a Beloplotov  |b D. V.  |g Dmitry Viktorovich 
701 1 |a Lomaev  |b M. I.  |g Mikhail Ivanovich 
701 1 |a Burachenko  |b A. G.  |g Aleksandr Gennadjevich 
701 1 |a Baksht  |b E. Kh.  |g Evgeny Khaimovich 
712 0 2 |a Национальный исследовательский Томский политехнический университет  |b Инженерная школа неразрушающего контроля и безопасности  |b Отделение электронной инженерии  |3 (RuTPU)RU\TPU\col\23507 
712 0 2 |a Национальный исследовательский Томский политехнический университет  |b Инженерная школа новых производственных технологий  |b Отделение материаловедения  |3 (RuTPU)RU\TPU\col\23508 
801 2 |a RU  |b 63413507  |c 20191002  |g RCR 
856 4 |u https://doi.org/10.1063/1.5094956 
942 |c CF